000 00496nam a2200193Ia 4500
008 191130s2009##################000#0#eng##
020 _a9780141441689
040 _aACL
_cACL
082 _a720 VIT
100 _aVitruvius
245 _aOn architecture
_cVitruvius
250 _a1st ed
260 _aNew York
_bPenguin Book
_c2009
300 _aliii, 440p. : ill. ; 23 cm.
500 _aIncludes index
990 _a59045e41ac10000c2652363c0dcc4ffb
991 _a301420
999 _c279717
_d279717